00757nam a2200181 a 450000100060000000300080000600500170001400800410003103500190007204000320009104100080012308200310013111000900016224501870025226000470043930000340048665000550052066160BD-RjUL20211209081515.0170314s1960 pk s o00| 0 eng  a(BD-RjUL)66290 aDLCcDLCdDLCdBD-RjULbeng aeng a630.9549021223bWES 1960 1 aWest Pakistan (Pakistan).bBureau of Statistics, Planning and Development Department.10aStatistics of West Pakistan : agricultural data division and district, 1947-48 through 1958-59 /cWest Pakistan (Pakistan). Bureau of Statistics, Planning and Development Department. aKarachi : bManager of publications,c1960 aXI, 472 p. :bIll. ;c29 cm. aAgriculture zPakistan . vStatistics. x1947-1959